000 00264nam a2200121Ia 4500
005 20251222155133.0
008 251222s9999||||xx |||||||||||||| ||spa||
082 _aADM.57
100 _aMINSA
245 0 _aLey General de Salud
264 _bNo tiene
942 _cLIB
999 _c38898
_d38898